Dokter-dokter bagaimana akhlakmu

Bibliographic Details
Main Author: سباعي, زهير احمد (Author)
Format: Book
Published: Jakarta : Gema Insani press , 1991
Subjects:

MARC

LEADER 00000cam a2200000 7i4500
001 0000008958
005 20050915093000.0
008 021119s1991
090 0 0 |a R725.55   |b .S5215 
100 0 |a سباعي, زهير احمد ,   |e author 
245 1 0 |a Dokter-dokter bagaimana akhlakmu   |c Zuhair Ahmad Assiba'i   |f penterjemah A. Aziz Salim Basyarahil 
260 2 |a Jakarta :   |b Gema Insani press ,   |c 1991 
300 |a 126 p. ;   |c 18 cm. 
650 0 |a Medical ethics   |z Arab countries 
650 0 |a Medicine   |z Arab countries 
999 |a 1000049063   |b Book   |c OPEN SHELF (30 DAYS)   |e Gong Badak Campus